=LDR 00000nam 2200000 4500 =001 INLIS000000000051018 =990 ##$$a 21701975 =005 20200304113052 =990 ##$$a 21701974 =035 ##$$a 0010-0817000201 =990 ##$$a 21701973 =007 ta =990 ##$$a 21701972 =020 ##$$a 979-24-0595-X =990 ##$$a 21701971 =040 ##$$a NBPDMAT =082 ##$$a 297.98 =090 ##$$a 297.98 Ati s =100 ##$$a Atiqul Haque, M. =245 1#$$a Seratus pahlawan muslim yang mengubah dunia /$c M. Atiqul Haque ; Penerjemah Ira Puspitarini =250 ##$$a Cet. 1 =260 ##$$a Yogyakarta :$b Mitra Buku,$c 2015 =300 ##$$a xvi, 408 hlm. ; $c 15,5x24 cm. =500 ##$$a Judul asli : Hundred muslim heroes pf the world al-furqan publications =650 #4$$a Biografi-Cendikiawan Muslim =850 ##$$a NBPDMAT =041 ##$$a Ind =504 ##$$a Bibliografi : Hlm. 405 - 407 =521 ##$$a Dewasa =600 #4$$a Ira Puspitarini =008 200304################g##########0#ind## =084 ##$$a 297.98 ATI s =700 #$$a Ira Puspitarini =990 ##$$a 21701975 =990 ##$$a 21701974 =990 ##$$a 21701973 =990 ##$$a 21701972 =990 ##$$a 21701971 =990 ##$$a 21701972 =990 ##$$a 01201807575 =990 ##$$a 21701973 =990 ##$$a 21701975 =990 ##$$a 21701974 =990 ##$$a 21701972 =990 ##$$a 21701971 =990 ##$$a 21701972 =990 ##$$a 01201807575 =990 ##$$a 21701972 =990 ##$$a 21701975 =990 ##$$a 21701974 =990 ##$$a 21701973 =990 ##$$a 21701971 =990 ##$$a 21701972 =990 ##$$a 01201807575 =990 ##$$a 21701972 =990 ##$$a 21701975 =990 ##$$a 21701974 =990 ##$$a 21701973 =990 ##$$a 01201807575 =990 ##$$a 21701971 =990 ##$$a 21701975 =990 ##$$a 21701974 =990 ##$$a 21701973 =990 ##$$a 21701972 =990 ##$$a 21701974 =990 ##$$a 21701975 =990 ##$$a 21701973 =990 ##$$a 21701972 =990 ##$$a 21701971 =990 ##$$a 21701975 =990 ##$$a 21701974 =990 ##$$a 21701973 =990 ##$$a 21701972 =990 ##$$a 21701971